A field guide for organisation development , taking theory into practice (Record no. 566553)
[ view plain ]
| 000 -LEADER | |
|---|---|
| fixed length control field | 00991cam a2200289 i 4500 |
| 001 - CONTROL NUMBER | |
| control field | 17876525 |
| 003 - CONTROL NUMBER IDENTIFIER | |
| control field | CEME |
| 005 - DATE AND TIME OF LATEST TRANSACTION | |
| control field | 20210628201608.0 |
| 008 - FIXED-LENGTH DATA ELEMENTS--GENERAL INFORMATION | |
| fixed length control field | 130905s2014 enka b 001 0 eng |
| 010 ## - LIBRARY OF CONGRESS CONTROL NUMBER | |
| LC control number | 2013035198 |
| 020 ## - INTERNATIONAL STANDARD BOOK NUMBER | |
| International Standard Book Number | 9781409440499 (hardback : alk. paper) |
| 020 ## - INTERNATIONAL STANDARD BOOK NUMBER | |
| Canceled/invalid ISBN | 9781409440505 (ebook) |
| 020 ## - INTERNATIONAL STANDARD BOOK NUMBER | |
| Canceled/invalid ISBN | 9781472401632 (epub) |
| 040 ## - CATALOGING SOURCE | |
| Original cataloging agency | DLC |
| Language of cataloging | eng |
| Transcribing agency | DLC |
| Description conventions | rda |
| Modifying agency | DLC |
| 042 ## - AUTHENTICATION CODE | |
| Authentication code | pcc |
| 050 00 - LIBRARY OF CONGRESS CALL NUMBER | |
| Classification number | HD58.8 |
| Item number | .F5187 2014 |
| 082 00 - DEWEY DECIMAL CLASSIFICATION NUMBER | |
| Classification number | 658.3 |
| Edition number | 23 |
| 100 ## - MAIN ENTRY--PERSONAL NAME | |
| Personal name | Griffin, Ed, Alsop, Mike, Saville, Martin, Smith, Grahame |
| 9 (RLIN) | 55976 |
| 245 02 - TITLE STATEMENT | |
| Title | A field guide for organisation development , taking theory into practice |
| Remainder of title | taking theory into practice / |
| 300 ## - PHYSICAL DESCRIPTION | |
| Extent | xxii, 297 pages : |
| Other physical details | illustrations ; |
| Dimensions | 25 cm |
| 504 ## - BIBLIOGRAPHY, ETC. NOTE | |
| Bibliography, etc. note | Includes bibliographical references and index. |
| 650 #0 - SUBJECT ADDED ENTRY--TOPICAL TERM | |
| Topical term or geographic name entry element | Organizational change. |
| 9 (RLIN) | 4326 |
| 650 #0 - SUBJECT ADDED ENTRY--TOPICAL TERM | |
| Topical term or geographic name entry element | Organizational behavior. |
| 9 (RLIN) | 1796 |
| 650 #0 - SUBJECT ADDED ENTRY--TOPICAL TERM | |
| Topical term or geographic name entry element | Organizational effectiveness. |
| 9 (RLIN) | 4213 |
| 700 1# - ADDED ENTRY--PERSONAL NAME | |
| Personal name | Griffin, Ed, |
| Dates associated with a name | 1965- |
| 9 (RLIN) | 55977 |
| 942 ## - ADDED ENTRY ELEMENTS (KOHA) | |
| Source of classification or shelving scheme | |
| Koha item type | Book |
| Withdrawn status | Lost status | Source of classification or shelving scheme | Damaged status | Not for loan | Permanent Location | Current Location | Shelving location | Date acquired | Total Checkouts | Full call number | Barcode | Date last seen | Price effective from | Koha item type |
|---|---|---|---|---|---|---|---|---|---|---|---|---|---|---|
| College of Electrical & Mechanical Engineering (CEME) | College of Electrical & Mechanical Engineering (CEME) | General Stacks | 03/15/2017 | 658.3 FIE | CEME-47757 | 06/28/2021 | 06/28/2021 | Book |
